000 00726nam a22001337a 4500
040 _cRUA
082 _aAGR NHO 2024 B1-406 Or.
100 _aNHOR SEAVVIN,ញ៉ សៀវវិន
245 _aCOMPARISON OF DIFFERENT RATE OF (15-15-15) FERTILIZER ON GROWTH AND YIELD OF OKRA (Abelmoschus esculentus L.),ការប្រៀបធៀបកម្រិតជីកែង (១៥-១៥-១៥) ខុសៗគ្នាទៅលើការលូតលាស់ និងទិន្នផលនៃដំណាំពោតបារាំង
260 _aphnom penh
_brua
_c2024
300 _axi.34p.
_bill.
_c29cm.
856 _uhttps://drive.google.com/file/d/11_O4IciJVFTH0XBo2DOtox4qjrpPGqdU/view?usp=sharing
942 _cAGR
999 _c24734
_d24734